000 00855nam a2200265 a 4500
001 000041383
003 DO-SdBNP
005 20240412074301.0
007 ta
008 131001s2012 dr r 000 p spa d
020 _a9789945475296
040 _aDO-SdBNP
_bspa
_cBNPHU
082 4 _aRD861.5
_bB468m
_222
100 1 _aBenjamin, Rossalinna
_968034
245 1 0 _aManual para asesinar narcisos /
_cRossalinna Benjamin.
260 _aSanto Domingo :
_bEdiciones Ferilibro,
_c2012.
300 _a59 p. ;
_c23 cm.
500 _aIncluye datos biografícos del autor en la solapa de la cubierta.
586 _aPremio Nacional de Poesía Joven, Feria del Libro 2011
590 _aInventariado, 2019 / DG
650 1 4 _aPoesía dominicana
_966
650 1 0 _aLiteratura dominicana.
_967
910 _aValidado. Control de calidad. MFF
942 _2ddc
_cLBS1
999 _c40873
_d40873